000
00298nam a22001337a 4500
008
170522b xxu||||| |||| 00| 0 eng d
020
_a
0394716116
041
_a
eng
080
_a
94(7/8)
100
_a
16
101
_a
SHH
245
_a
THE CULTURE OF CONSUMPTION
_c
WIGHTMAN, R
942
_2
udc
_c
BK
999
_c
13686
_d
13686